[Event "CAN-op"]
[Site "Winnipeg CAN"]
[Date "1997.07.16"]
[Round "6"]
[White "Tetrault, Robert"]
[Black "Quiring, John"]
[Result "0-1"]
[WhiteElo "1702"]
[BlackElo "1959"]
[PlyCount "72"]
[GameId "2160767911932692"]
[EventDate "1997.07.12"]
[EventType "swiss"]
[EventRounds "10"]
[EventCountry "CAN"]
[SourceTitle "EXP 60"]
[Source "ChessBase"]
[SourceDate "1997.11.24"]
[SourceVersion "1"]
[SourceVersionDate "1997.11.24"]
[SourceQuality "1"]

1. e4 e5 2. Nf3 Nc6 3. Bc4 Bc5 4. Nc3 d6 5. h3 Nf6 6. d3 h6 7. Be3 Bb6 8. O-O O-O 9. d4 exd4 10. Bxd4 Nxd4 11. Nxd4 Re8 12. Re1 Ba5 13. Qf3 Bxc3 14. bxc3 c6 15. Rad1 Qa5 16. Qg3 Qe5 17. Qxe5 dxe5 18. Nf3 Be6 19. Bb3 c5 20. a4 Bd7 21. Ra1 Bc6 22. Nd2 Rad8 23. Rad1 Rd7 24. f3 Red8 25. Re2 Nh5 26. Kh2 c4 27. Bxc4 Bxa4 28. Bb3 Bxb3 29. cxb3 Nf4 30. Rf2 Nd3 31. Re2 Nb2 32. Ra1 Rxd2 33. Rxd2 Rxd2 34. Rxa7 Rd7 35. g4 Nd3 36. Kg3 Nf4 0-1

[Event "CAN-op"]
[Site "Winnipeg CAN"]
[Date "1997.07.16"]
[Round "6"]
[White "Wu, Beatrice"]
[Black "Kim, Phillip"]
[Result "0-1"]
[WhiteElo "1873"]
[BlackElo "2108"]
[PlyCount "64"]
[GameId "2160767911932694"]
[EventDate "1997.07.12"]
[EventType "swiss"]
[EventRounds "10"]
[EventCountry "CAN"]
[SourceTitle "EXP 60"]
[Source "ChessBase"]
[SourceDate "1997.11.24"]
[SourceVersion "1"]
[SourceVersionDate "1997.11.24"]
[SourceQuality "1"]

1. d4 Nf6 2. e3 d5 3. Bd3 Bg4 4. Ne2 c5 5. c3 Qb6 6. f3 Bh5 7. Nf4 Bg6 8. Nxg6 hxg6 9. Nd2 Nc6 10. f4 e6 11. Nf3 Be7 12. Ne5 Ne4 13. Qf3 Nxe5 14. fxe5 Ng3 15. Rg1 Rxh2 16. Kd1 Nf5 17. e4 dxe4 18. Bxe4 O-O-O 19. d5 exd5 20. Bxf5+ gxf5 21. Qxf5+ Qe6 22. Qxe6+ fxe6 23. Bf4 Rh4 24. g4 Rf8 25. Be3 Rh2 26. b3 d4 27. cxd4 cxd4 28. Rc1+ Kb8 29. Bd2 Rff2 30. Be1 Rxa2 31. Rg3 Rh1 32. Rf3 Bb4 0-1

[Event "CAN-op"]
[Site "Winnipeg CAN"]
[Date "1997.07.17"]
[Round "6"]
[White "Siciliano, Steve"]
[Black "Strojevs, Alexander"]
[Result "1/2-1/2"]
[WhiteElo "1590"]
[BlackElo "1792"]
[PlyCount "80"]
[GameId "2160767911932695"]
[EventDate "1997.07.12"]
[EventType "swiss"]
[EventRounds "10"]
[EventCountry "CAN"]
[SourceTitle "EXT 2022"]
[Source "ChessBase"]
[SourceDate "2021.10.06"]
[SourceVersion "1"]
[SourceVersionDate "2021.10.06"]
[SourceQuality "1"]

1. e4 c5 2. Nf3 d6 3. g3 Nf6 4. Nc3 g6 5. Bg2 Bg7 6. d3 Nc6 7. h3 Bd7 8. Nh4 a6 9. f4 e5 10. O-O Nh5 11. Qe1 Nd4 12. Qf2 exf4 13. Bxf4 Nxf4 14. Qxf4 Be6 15. Qd2 Be5 16. Qf2 Nf5 17. Nxf5 gxf5 18. Qf3 fxe4 19. Qxe4 O-O 20. g4 Qg5 21. Qe2 f5 22. Bd5 Bxd5 23. Nxd5 Rae8 24. Qg2 f4 25. c3 Kh8 26. Rf3 Rg8 27. Kh1 h5 28. Raf1 Ref8 29. R1f2 Rf7 30. Qf1 Rh7 31. gxh5 Rxh5 32. Rg2 Qxg2+ 33. Qxg2 Rxg2 34. Kxg2 Rg5+ 35. Kf2 Rf5 36. Ke2 Kg7 37. Rf2 Rg5 38. Nxf4 Bxf4 39. Rxf4 Rg2+ 40. Rf2 Rg3 1/2-1/2

[Event "CAN-op"]
[Site "Winnipeg CAN"]
[Date "1997.07.17"]
[Round "7"]
[White "Aguilar, Andres"]
[Black "Anderson, Richard"]
[Result "0-1"]
[WhiteElo "1203"]
[BlackElo "1509"]
[PlyCount "80"]
[GameId "2160767911932696"]
[EventDate "1997.07.12"]
[EventType "swiss"]
[EventRounds "10"]
[EventCountry "CAN"]
[SourceTitle "EXP 60"]
[Source "ChessBase"]
[SourceDate "1997.11.24"]
[SourceVersion "1"]
[SourceVersionDate "1997.11.24"]
[SourceQuality "1"]

1. e4 e5 2. Nf3 Nc6 3. Bb5 a6 4. Bxc6 bxc6 5. d4 exd4 6. Qxd4 Bb7 7. Qc4 d5 8. Qd4 dxe4 9. Qxe4+ Qe7 10. Qxe7+ Nxe7 11. O-O O-O-O 12. Nc3 Nd5 13. Ne4 f6 14. Re1 Bd6 15. Be3 Nxe3 16. Rxe3 Rhe8 17. Nxd6+ cxd6 18. Rae1 Rxe3 19. Rxe3 Kd7 20. h3 Re8 21. Rxe8 Kxe8 22. Kh2 Kf7 23. Kg3 g5 24. h4 Kg6 25. a3 c5 26. c3 Bxf3 27. gxf3 Kf5 28. hxg5 fxg5 29. Kh3 d5 30. b4 cxb4 31. cxb4 d4 32. a4 d3 33. b5 axb5 34. axb5 d2 35. b6 d1=Q 36. b7 Qb1 37. f4 Qb3+ 38. Kh2 Qxb7 39. fxg5 Qc7+ 40. Kh3 Kxg5 0-1

[Event "CAN-op"]
[Site "Winnipeg CAN"]
[Date "1997.07.17"]
[Round "7"]
[White "Ditt, Egon"]
[Black "Nogueiras, Jesus"]
[Result "0-1"]
[WhiteElo "2250"]
[BlackElo "2535"]
[PlyCount "78"]
[GameId "2160767911932697"]
[EventDate "1997.07.12"]
[EventType "swiss"]
[EventRounds "10"]
[EventCountry "CAN"]
[SourceTitle "CBM 060 Extra"]
[Source "ChessBase"]
[SourceDate "1997.11.04"]
[SourceVersion "1"]
[SourceVersionDate "1997.11.04"]
[SourceQuality "1"]

1. c4 e6 2. Nf3 b6 3. Nc3 Bb7 4. e4 Bb4 5. d3 Ne7 6. Be2 O-O 7. O-O Bxc3 8. bxc3 c5 9. Ne1 Nbc6 10. Nc2 f5 11. f3 d6 12. d4 f4 13. d5 Na5 14. dxe6 Bc8 15. g3 g5 16. gxf4 gxf4 17. Rf2 Bxe6 18. Rg2+ Ng6 19. Kh1 Kh8 20. Ne1 Rf7 21. Nd3 Qf8 22. Nf2 Ne5 23. a3 Qe7 24. Nd3 Raf8 25. Nxe5 dxe5 26. Bd2 Rg7 27. Rxg7 Qxg7 28. Qg1 Rg8 29. Qf2 Bxc4 30. Rd1 Bxe2 31. Qxe2 Nb3 32. Bc1 c4 33. a4 Nc5 34. a5 bxa5 35. Ba3 Nd3 36. Qf1 Qc7 37. Ra1 Qb6 38. h3 Rg3 39. Kh2 Qe3 0-1

[Event "CAN-op"]
[Site "Winnipeg CAN"]
[Date "1997.07.17"]
[Round "7"]
[White "Gibbons, Michael"]
[Black "Castaneda, Nelson"]
[Result "0-1"]
[WhiteElo "2016"]
[BlackElo "2382"]
[PlyCount "158"]
[GameId "2160767911932698"]
[EventDate "1997.07.12"]
[EventType "swiss"]
[EventRounds "10"]
[EventCountry "CAN"]
[SourceTitle "EXP 60"]
[Source "ChessBase"]
[SourceDate "1997.11.24"]
[SourceVersion "1"]
[SourceVersionDate "1997.11.24"]
[SourceQuality "1"]

1. d4 Nf6 2. Nf3 d6 3. Nc3 g6 4. e4 Bg7 5. h3 O-O 6. Be3 c6 7. a4 Qa5 8. Bd3 e5 9. O-O Nbd7 10. Qd2 Re8 11. Bh6 Bh8 12. Rfe1 Nf8 13. d5 Bd7 14. Rad1 cxd5 15. Nxd5 Qxd2 16. Nxf6+ Bxf6 17. Rxd2 Bxa4 18. Bc4 Red8 19. Bg5 Bxg5 20. Nxg5 Be8 21. Red1 h6 22. Nf3 Rdc8 23. Ba2 Ba4 24. Rxd6 Bxc2 25. R1d2 Bxe4 26. Nxe5 Rc1+ 27. Kh2 Rac8 28. Nxf7 Kg7 29. Re2 Bf5 30. Re7 R8c7 31. Re8 Rxf7 32. Bxf7 Kxf7 33. Rb8 Rc7 34. g4 Bd7 35. Kg3 Ke7 36. Rd3 Bc8 37. Re3+ Kd8 38. Rd3+ Rd7 39. Rc3 Rc7 40. Rd3+ Ke7 41. Re3+ Ne6 42. f4 Kf7 43. Rc3 Nc5 44. Kh2 a5 45. Ra8 b6 46. Rb8 Rc6 47. Ra8 Bd7 48. Rc2 Rd6 49. Rb8 a4 50. Rh8 Kg7 51. Rb8 Ne6 52. Rb7 Kf6 53. Rf2 Nc5 54. Rb8 Bb5 55. h4 Ne4 56. g5+ hxg5 57. hxg5+ Ke6 58. Rg2 Bf1 59. Re8+ Kd5 60. Rg1 Bd3 61. f5 Nxg5 62. Rxg5 gxf5 63. Rg3 Kc4 64. Rc8+ Kb3 65. Rg2 Bc4 66. Rf2 b5 67. Re8 Bd3 68. Rc8 b4 69. Rb8 Rd4 70. Kg3 Rc4 71. Rf3 Kc2 72. Rd8 f4+ 73. Rxf4 Rxf4 74. Kxf4 Kxb2 75. Ke3 Bc2 76. Rd4 Kc3 77. Rd8 a3 78. Rc8+ Kb2 79. Kd2 b3 0-1

[Event "CAN-op"]
[Site "Winnipeg CAN"]
[Date "1997.07.17"]
[Round "7"]
[White "Gofshtein, Leonid"]
[Black "Huber, Gregory"]
[Result "1-0"]
[WhiteElo "2545"]
[BlackElo "2260"]
[PlyCount "41"]
[GameId "2160767911932699"]
[EventDate "1997.07.12"]
[EventType "swiss"]
[EventRounds "10"]
[EventCountry "CAN"]
[SourceTitle "CBM 060 Extra"]
[Source "ChessBase"]
[SourceDate "1997.11.04"]
[SourceVersion "1"]
[SourceVersionDate "1997.11.04"]
[SourceQuality "1"]

1. e4 c5 2. Nf3 d6 3. d4 cxd4 4. Nxd4 Nf6 5. Nc3 a6 6. Be3 e6 7. g4 b5 8. g5 b4 9. gxf6 bxc3 10. fxg7 Bxg7 11. bxc3 Bb7 12. Rg1 Qf6 13. Qh5 Bxe4 14. Nxe6 Qxe6 15. Rxg7 Bg6 16. Qf3 Be4 17. Qg3 Kf8 18. O-O-O Bg6 19. Rxd6 Qe4 20. Rgxg6 hxg6 21. Rd8+ 1-0

[Event "CAN-op"]
[Site "Winnipeg CAN"]
[Date "1997.07.17"]
[Round "7"]
[White "Hanrahan, Nigel"]
[Black "Bays, Derek"]
[Result "1-0"]
[WhiteElo "1700"]
[BlackElo "1448"]
[PlyCount "51"]
[GameId "2160767911932700"]
[EventDate "1997.07.12"]
[EventType "swiss"]
[EventRounds "10"]
[EventCountry "CAN"]
[SourceTitle "EXP 60"]
[Source "ChessBase"]
[SourceDate "1997.11.24"]
[SourceVersion "1"]
[SourceVersionDate "1997.11.24"]
[SourceQuality "1"]

1. e4 d6 2. d4 Nf6 3. Nc3 g6 4. Be2 Bg7 5. Be3 O-O 6. Qd2 Ng4 7. O-O-O Nxe3 8. fxe3 b6 9. g4 Nc6 10. h3 e5 11. d5 Ne7 12. Nf3 a5 13. Rdg1 Ba6 14. Bxa6 Rxa6 15. Qh2 h6 16. h4 f6 17. g5 fxg5 18. Qe2 Ra8 19. hxg5 h5 20. Nh4 Kh7 21. Nxg6 Nxg6 22. Qxh5+ Kg8 23. Qxg6 Rf7 24. Rh7 Qd7 25. Rgh1 Kf8 26. Rxg7 1-0

[Event "CAN-op"]
[Site "Winnipeg CAN"]
[Date "1997.07.17"]
[Round "7"]
[White "Kim, Phillip"]
[Black "Murey, Jacob"]
[Result "0-1"]
[WhiteElo "2108"]
[BlackElo "2440"]
[PlyCount "30"]
[GameId "2160767911932704"]
[EventDate "1997.07.12"]
[EventType "swiss"]
[EventRounds "10"]
[EventCountry "CAN"]
[SourceTitle "EXP 60"]
[Source "ChessBase"]
[SourceDate "1997.11.24"]
[SourceVersion "1"]
[SourceVersionDate "1997.11.24"]
[SourceQuality "1"]

1. e4 c5 2. Nf3 d6 3. d4 cxd4 4. Nxd4 Nf6 5. Nc3 Nc6 6. Bg5 Bd7 7. Qd2 Rc8 8. Nxc6 Bxc6 9. Bxf6 gxf6 10. Bd3 Qa5 11. O-O-O f5 12. Kb1 Bg7 13. Qg5 Bxc3 14. bxc3 Qxc3 15. Qxf5 Bd7 0-1

[Event "CAN-op"]
[Site "Winnipeg CAN"]
[Date "1997.07.17"]
[Round "7"]
[White "Kirton, Dale"]
[Black "Bishop, Tom"]
[Result "1-0"]
[WhiteElo "2240"]
[BlackElo "1874"]
[PlyCount "73"]
[GameId "2160767911932705"]
[EventDate "1997.07.12"]
[EventType "swiss"]
[EventRounds "10"]
[EventCountry "CAN"]
[SourceTitle "EXP 60"]
[Source "ChessBase"]
[SourceDate "1997.11.24"]
[SourceVersion "1"]
[SourceVersionDate "1997.11.24"]
[SourceQuality "1"]

1. d4 d5 2. Nf3 Nf6 3. c4 e6 4. Nc3 Be7 5. Bg5 h6 6. Bh4 c6 7. e3 O-O 8. Bd3 Nbd7 9. O-O dxc4 10. Bxc4 b6 11. Qe2 Nd5 12. Bg3 Nxc3 13. bxc3 Bb7 14. Rfd1 Qc8 15. e4 Re8 16. Qd3 Rd8 17. Qe2 Re8 18. e5 c5 19. Nd2 Qc6 20. f3 Rad8 21. Ne4 cxd4 22. cxd4 Qc8 23. Rac1 Qa8 24. Nc3 a6 25. d5 exd5 26. Nxd5 Bc5+ 27. Kh1 Nxe5 28. Nc7 Nxc4 29. Qxe8+ Rxe8 30. Nxa8 b5 31. Nc7 Re2 32. a4 Ne3 33. Re1 Rxe1+ 34. Bxe1 Ba3 35. Rc3 Bd6 36. Rxe3 Bxc7 37. Re7 1-0

[Event "CAN-op"]
[Site "Winnipeg CAN"]
[Date "1997.07.17"]
[Round "7"]
[White "Knapper, Brian"]
[Black "Gardner, Robert"]
[Result "0-1"]
[WhiteElo "1989"]
[BlackElo "2305"]
[PlyCount "52"]
[GameId "2160767911932706"]
[EventDate "1997.07.12"]
[EventType "swiss"]
[EventRounds "10"]
[EventCountry "CAN"]
[SourceTitle "EXP 60"]
[Source "ChessBase"]
[SourceDate "1997.11.24"]
[SourceVersion "1"]
[SourceVersionDate "1997.11.24"]
[SourceQuality "1"]

1. e4 c5 2. d4 cxd4 3. c3 dxc3 4. Nxc3 Nc6 5. Nf3 d6 6. Bc4 a6 7. b4 Nf6 8. Qb3 e6 9. a4 Nxb4 10. Qxb4 d5 11. Bb5+ axb5 12. Qxb5+ Qd7 13. O-O Nxe4 14. Qb3 Nxc3 15. Qxc3 f6 16. Nd4 Be7 17. Re1 e5 18. Nb5 O-O 19. f4 e4 20. Bb2 b6 21. Qb3 Bc5+ 22. Kh1 f5 23. g4 fxg4 24. Rxe4 Kh8 25. Ree1 Rxf4 26. Qg3 Rf8 0-1

[Event "CAN-op"]
[Site "Winnipeg CAN"]
[Date "1997.07.17"]
[Round "7"]
[White "Lipnowski, Irwin"]
[Black "Nikouline, Alexandre"]
[Result "1-0"]
[WhiteElo "2382"]
[BlackElo "2028"]
[PlyCount "55"]
[GameId "2160767911932707"]
[EventDate "1997.07.12"]
[EventType "swiss"]
[EventRounds "10"]
[EventCountry "CAN"]
[SourceTitle "EXP 60"]
[Source "ChessBase"]
[SourceDate "1997.11.24"]
[SourceVersion "1"]
[SourceVersionDate "1997.11.24"]
[SourceQuality "1"]

1. d4 Nf6 2. c4 e6 3. Nf3 b6 4. a3 Bb7 5. Nc3 c5 6. d5 d6 7. e4 e5 8. Bd3 Be7 9. h3 O-O 10. Qe2 Bc8 11. Be3 h6 12. O-O-O Nh7 13. g4 Ng5 14. Nd2 f6 15. Nf1 Na6 16. Ng3 Qe8 17. Nf5 Nc7 18. Rdg1 Bd7 19. h4 Nf7 20. f4 exf4 21. Bxf4 Ne5 22. Bxe5 Bxf5 23. exf5 dxe5 24. Ne4 Qd8 25. d6 Bxd6 26. g5 Kh7 27. gxh6 gxh6 28. Qh5 1-0

[Event "CAN-op"]
[Site "Winnipeg CAN"]
[Date "1997.07.17"]
[Round "7"]
[White "Ottosen, David"]
[Black "Smith, Maurice"]
[Result "1-0"]
[WhiteElo "2040"]
[BlackElo "1901"]
[PlyCount "45"]
[GameId "2160767911932711"]
[EventDate "1997.07.12"]
[EventType "swiss"]
[EventRounds "10"]
[EventCountry "CAN"]
[SourceTitle "EXP 60"]
[Source "ChessBase"]
[SourceDate "1997.11.24"]
[SourceVersion "1"]
[SourceVersionDate "1997.11.24"]
[SourceQuality "1"]

1. e4 d5 2. exd5 Nf6 3. c4 e6 4. d4 exd5 5. Nf3 Bb4+ 6. Nc3 O-O 7. a3 Be7 8. Bd3 Bg4 9. cxd5 Nxd5 10. O-O c6 11. h3 Be6 12. Re1 Nd7 13. Ne4 h6 14. Bd2 a5 15. Rc1 Rc8 16. Ng3 Re8 17. Bb1 c5 18. Nf5 Bf8 19. dxc5 Nxc5 20. N3d4 Bd7 21. Rxe8 Bxe8 22. Bxa5 Qxa5 23. Nxh6+ 1-0

[Event "CAN-op"]
[Site "Winnipeg CAN"]
[Date "1997.07.17"]
[Round "7"]
[White "Sasata, Robert"]
[Black "Cabanas, Francisco"]
[Result "1-0"]
[WhiteElo "2317"]
[BlackElo "1991"]
[PlyCount "95"]
[GameId "2160767911932713"]
[EventDate "1997.07.12"]
[EventType "swiss"]
[EventRounds "10"]
[EventCountry "CAN"]
[SourceTitle "EXP 60"]
[Source "ChessBase"]
[SourceDate "1997.11.24"]
[SourceVersion "1"]
[SourceVersionDate "1997.11.24"]
[SourceQuality "1"]

1. e4 d5 2. d4 dxe4 3. Nc3 Nf6 4. f3 Bf5 5. g4 Bg6 6. g5 Nh5 7. f4 e6 8. Be2 Nf6 9. gxf6 Qxf6 10. Be3 Qh4+ 11. Kf1 Bd6 12. Qe1 Qf6 13. Qf2 Bf5 14. Qg2 Qg6 15. h4 Nc6 16. Bb5 Kd7 17. h5 Qxg2+ 18. Kxg2 a6 19. Bxc6+ Kxc6 20. a3 f6 21. Rd1 e5 22. fxe5 fxe5 23. d5+ Kd7 24. Kg3 b5 25. Nge2 b4 26. axb4 Bxb4 27. Rdf1 g6 28. Na4 Rab8 29. c3 Be7 30. b4 a5 31. Nc5+ Kc8 32. Na6 Ra8 33. b5 Rd8 34. c4 a4 35. h6 a3 36. Ra1 c6 37. Rhc1 cxb5 38. cxb5+ Kd7 39. Rc7+ Ke8 40. Rxe7+ Kxe7 41. Bg5+ Kd6 42. Bxd8 Rxd8 43. Nc3 e3 44. Kf3 e2 45. Kxe2 a2 46. Rxa2 Rc8 47. Ra3 g5 48. b6 1-0

[Event "CAN-op"]
[Site "Winnipeg CAN"]
[Date "1997.07.17"]
[Round "7"]
[White "Shabalov, Alexander"]
[Black "Kaptsan, Aron"]
[Result "1-0"]
[WhiteElo "2618"]
[BlackElo "2227"]
[PlyCount "22"]
[GameId "2160767911932714"]
[EventDate "1997.07.12"]
[EventType "swiss"]
[EventRounds "10"]
[EventCountry "CAN"]
[SourceTitle "EXP 60"]
[Source "ChessBase"]
[SourceDate "1997.11.24"]
[SourceVersion "1"]
[SourceVersionDate "1997.11.24"]
[SourceQuality "1"]

1. e4 g6 2. d4 Bg7 3. Nc3 d6 4. Bg5 c6 5. Qd2 h6 6. Bh4 b5 7. f4 a6 8. e5 d5 9. a4 b4 10. Nd1 a5 11. Ne3 e6 1-0

[Event "CAN-op"]
[Site "Winnipeg CAN"]
[Date "1997.07.17"]
[Round "7"]
[White "Strojevs, Alexander"]
[Black "Weijs, Harry"]
[Result "1-0"]
[WhiteElo "1792"]
[BlackElo "1552"]
[PlyCount "87"]
[GameId "2160767911932715"]
[EventDate "1997.07.12"]
[EventType "swiss"]
[EventRounds "10"]
[EventCountry "CAN"]
[SourceTitle "EXT 2022"]
[Source "ChessBase"]
[SourceDate "2021.10.06"]
[SourceVersion "1"]
[SourceVersionDate "2021.10.06"]
[SourceQuality "1"]

1. e4 d5 2. exd5 Nf6 3. d4 Bg4 4. Be2 Bxe2 5. Qxe2 Qxd5 6. Nf3 Nc6 7. c3 e6 8. Bf4 Bd6 9. Bxd6 Qxd6 10. Nbd2 Qf4 11. O-O O-O 12. Rfe1 a5 13. Rad1 a4 14. Ne4 Qxe4 15. Qxe4 Nxe4 16. Rxe4 Ra5 17. Ne5 Rb5 18. Nc4 Rd8 19. f4 Ne7 20. Ree1 c5 21. dxc5 Rxd1 22. Rxd1 Nd5 23. Na3 Rxb2 24. c4 Rxa2 25. cxd5 exd5 26. Rxd5 Ra1+ 27. Kf2 Ra2+ 28. Ke1 Kf8 29. Nc4 Ke7 30. Rd2 Rxd2 31. Kxd2 a3 32. Nxa3 Kd7 33. Kd3 Kc6 34. Kd4 b6 35. cxb6 Kxb6 36. Kd5 Kc7 37. Nc4 Kd7 38. f5 Ke7 39. Ke5 f6+ 40. Kf4 g6 41. Nd2 g5+ 42. Kg4 Kf8 43. Ne4 Kg7 44. Kh5 1-0

[Event "CAN-op"]
[Site "Winnipeg CAN"]
[Date "1997.07.17"]
[Round "7"]
[White "Taylor, Gordon"]
[Black "Stefansson, Hannes"]
[Result "1/2-1/2"]
[WhiteElo "2394"]
[BlackElo "2545"]
[PlyCount "34"]
[GameId "2160767911932716"]
[EventDate "1997.07.12"]
[EventType "swiss"]
[EventRounds "10"]
[EventCountry "CAN"]
[SourceTitle "EXP 60"]
[Source "ChessBase"]
[SourceDate "1997.11.24"]
[SourceVersion "1"]
[SourceVersionDate "1997.11.24"]
[SourceQuality "1"]

1. d4 Nf6 2. c4 e6 3. g3 d5 4. Bg2 dxc4 5. Nf3 Nc6 6. Qa4 Be7 7. Qxc4 O-O 8. O-O Nb4 9. Bf4 Nbd5 10. Nc3 c6 11. Ne5 Qb6 12. Rab1 Nxf4 13. gxf4 Rd8 14. e3 Bd7 15. Nxd7 Rxd7 16. b4 Nd5 17. Rfc1 Nxc3 1/2-1/2

[Event "CAN-op"]
[Site "Winnipeg CAN"]
[Date "1997.07.17"]
[Round "7"]
[White "Taylor, William"]
[Black "Rasmussen, Barry"]
[Result "0-1"]
[WhiteElo "1962"]
[BlackElo "2240"]
[PlyCount "60"]
[GameId "2160767911932717"]
[EventDate "1997.07.12"]
[EventType "swiss"]
[EventRounds "10"]
[EventCountry "CAN"]
[SourceTitle "EXP 60"]
[Source "ChessBase"]
[SourceDate "1997.11.24"]
[SourceVersion "1"]
[SourceVersionDate "1997.11.24"]
[SourceQuality "1"]

1. f4 d5 2. Nf3 Nf6 3. e3 g6 4. b3 Bg7 5. Bb2 O-O 6. Be2 c5 7. c4 Nc6 8. cxd5 Nxd5 9. Bxg7 Kxg7 10. a3 Qa5 11. O-O Rd8 12. Qc1 Bf5 13. d3 Nf6 14. Rd1 Qb6 15. Qc3 Kg8 16. e4 c4+ 17. Kh1 Ng4 18. h3 Nf2+ 19. Kh2 Nxd1 20. Bxd1 Rxd3 21. Qxc4 Rxd1 22. exf5 Rad8 23. Ng5 Qg1+ 24. Kg3 Qe3+ 25. Kh4 Ne5 26. Qe4 Qf2+ 27. g3 Rg1 28. fxg6 Qxg3+ 29. Kh5 hxg6+ 30. Kh6 Qh4# 0-1

[Event "CAN-op"]
[Site "Winnipeg CAN"]
[Date "1997.07.17"]
[Round "7"]
[White "Vera, Reynaldo"]
[Black "Spraggett, Kevin"]
[Result "1/2-1/2"]
[WhiteElo "2530"]
[BlackElo "2575"]
[PlyCount "31"]
[GameId "2160767911932718"]
[EventDate "1997.07.12"]
[EventType "swiss"]
[EventRounds "10"]
[EventCountry "CAN"]
[SourceTitle "CBM 060 Extra"]
[Source "ChessBase"]
[SourceDate "1997.11.04"]
[SourceVersion "1"]
[SourceVersionDate "1997.11.04"]
[SourceQuality "1"]

1. d4 Nf6 2. c4 e6 3. Nc3 Bb4 4. Qc2 d5 5. cxd5 Qxd5 6. Nf3 Qf5 7. Qb3 c5 8. a3 Ba5 9. Qc4 Bxc3+ 10. Qxc3 Nbd7 11. g3 cxd4 12. Qxd4 b6 13. Bg2 Bb7 14. O-O O-O 15. Be3 Qb5 16. Rfe1 1/2-1/2

[Event "CAN-op"]
[Site "Winnipeg CAN"]
[Date "1997.07.18"]
[Round "8"]
[White "Aldrich, Don"]
[Black "Ditt, Egon"]
[Result "0-1"]
[WhiteElo "2080"]
[BlackElo "2250"]
[PlyCount "124"]
[GameId "2160767911932719"]
[EventDate "1997.07.12"]
[EventType "swiss"]
[EventRounds "10"]
[EventCountry "CAN"]
[SourceTitle "CBM 060 Extra"]
[Source "ChessBase"]
[SourceDate "1997.11.04"]
[SourceVersion "1"]
[SourceVersionDate "1997.11.04"]
[SourceQuality "1"]

1. e4 g6 2. d4 Bg7 3. Nf3 d6 4. Nc3 Bg4 5. Be3 Nf6 6. h3 Bxf3 7. Qxf3 Nc6 8. Bb5 O-O 9. O-O-O Qc8 10. Bxc6 bxc6 11. e5 Nd5 12. Nxd5 cxd5 13. exd6 e6 14. Bf4 c5 15. d7 Qxd7 16. dxc5 Qb5 17. Qa3 e5 18. Bg5 f6 19. Bh4 Rfd8 20. f3 a5 21. Bf2 a4 22. Qd3 Qb7 23. f4 Rab8 24. Qa3 d4 25. Rhg1 Bf8 26. b3 Qe4 27. g3 axb3 28. axb3 Qf3 29. Rgf1 Ra8 30. Qb4 Ra1+ 31. Kd2 Rxd1+ 32. Rxd1 Qxf2+ 33. Kc1 Qe3+ 34. Kb1 d3 35. Qc4+ Kg7 36. b4 dxc2+ 37. Kxc2 Qf2+ 38. Kc1 Rxd1+ 39. Kxd1 Qg1+ 40. Kc2 Qg2+ 41. Kb1 Qc6 42. fxe5 fxe5 43. Qc3 Kf6 44. g4 Ke6 45. Qc4+ Kf6 46. Qf1+ Kg7 47. g5 Qe4+ 48. Ka2 Be7 49. Qb5 Qd5+ 50. Kb2 Bxg5 51. Qe8 Qd8 52. Qe6 Qe7 53. Qc4 e4 54. c6 Bf4 55. b5 Bc7 56. Kc2 e3 57. Qd4+ Kh6 58. b6 Bxb6 59. Qxb6 e2 60. c7 Qe4+ 61. Kb2 e1=Q 62. c8=Q Q1b1+ 0-1

[Event "CAN-op"]
[Site "Winnipeg CAN"]
[Date "1997.07.18"]
[Round "8"]
[White "Babb, Jeff"]
[Black "Lipnowski, Irwin"]
[Result "1/2-1/2"]
[WhiteElo "2213"]
[BlackElo "2382"]
[PlyCount "42"]
[GameId "2160767911932720"]
[EventDate "1997.07.12"]
[EventType "swiss"]
[EventRounds "10"]
[EventCountry "CAN"]
[SourceTitle "EXP 60"]
[Source "ChessBase"]
[SourceDate "1997.11.24"]
[SourceVersion "1"]
[SourceVersionDate "1997.11.24"]
[SourceQuality "1"]

1. Nf3 g6 2. g3 Bg7 3. Bg2 c5 4. O-O Nc6 5. d3 e6 6. Nc3 Nge7 7. Rb1 O-O 8. a3 d6 9. Bd2 b6 10. h4 Bb7 11. b4 Qd7 12. h5 Rac8 13. bxc5 bxc5 14. Ne4 Ba8 15. hxg6 hxg6 16. c4 Nf5 17. Bh3 Qe7 18. e3 Rfd8 19. Qe2 Ne5 20. Nxe5 Bxe5 21. Ba5 Re8 1/2-1/2

[Event "CAN-op"]
[Site "Winnipeg CAN"]
[Date "1997.07.18"]
[Round "8"]
[White "Brodie, Hugh"]
[Black "Gorelik, Lev"]
[Result "1/2-1/2"]
[WhiteElo "2080"]
[BlackElo "2248"]
[PlyCount "74"]
[GameId "2160767911932721"]
[EventDate "1997.07.12"]
[EventType "swiss"]
[EventRounds "10"]
[EventCountry "CAN"]
[SourceTitle "EXP 60"]
[Source "ChessBase"]
[SourceDate "1997.11.24"]
[SourceVersion "1"]
[SourceVersionDate "1997.11.24"]
[SourceQuality "1"]

1. f4 d5 2. e3 Nf6 3. Nf3 c5 4. b3 g6 5. Bb2 Bg7 6. Be2 O-O 7. O-O Nc6 8. Qe1 d4 9. exd4 Nxd4 10. Nxd4 cxd4 11. Bd3 Re8 12. Na3 Nd5 13. Nc4 Nb4 14. Ne5 Nxd3 15. Nxd3 Bf5 16. Qg3 Rc8 17. Rfc1 Qb6 18. Kh1 Rc7 19. c4 dxc3 20. Bxc3 Bxc3 21. dxc3 Rd8 22. Ne5 f6 23. Nf3 Qe3 24. c4 Rcd7 25. Re1 Qd3 26. Qf2 b6 27. h3 Be4 28. Re3 Qc2 29. Qxc2 Bxc2 30. Rae1 Kf7 31. Kg1 h5 32. g4 hxg4 33. hxg4 Bd1 34. Kg2 Rh8 35. Kg3 Rhd8 36. Kf2 Rh8 37. Kg3 Rhd8 1/2-1/2

[Event "CAN-op"]
[Site "Winnipeg CAN"]
[Date "1997.07.18"]
[Round "8"]
[White "Fairbairn, Stephen"]
[Black "Brasket, Curt"]
[Result "1/2-1/2"]
[WhiteElo "2038"]
[BlackElo "2211"]
[PlyCount "99"]
[GameId "2160767911932722"]
[EventDate "1997.07.12"]
[EventType "swiss"]
[EventRounds "10"]
[EventCountry "CAN"]
[SourceTitle "EXP 60"]
[Source "ChessBase"]
[SourceDate "1997.11.24"]
[SourceVersion "1"]
[SourceVersionDate "1997.11.24"]
[SourceQuality "1"]

1. d4 Nf6 2. c4 e6 3. Nf3 a6 4. Nc3 c5 5. g3 cxd4 6. Nxd4 Bb4 7. Bg2 Qc7 8. Qb3 Bc5 9. Nf3 Nc6 10. O-O Na5 11. Qc2 O-O 12. b3 Be7 13. Bb2 d6 14. Rac1 Bd7 15. Ng5 Rfc8 16. Nge4 Nxe4 17. Nxe4 Nc6 18. Qc3 e5 19. e3 f5 20. Nd2 Bf6 21. Qc2 Be6 22. Rfd1 Rf8 23. Nf3 Rad8 24. Qe2 Kh8 25. Bc3 Qf7 26. Rc2 d5 27. cxd5 Rxd5 28. Ne1 Rxd1 29. Qxd1 e4 30. Bxf6 Qxf6 31. Rd2 Rd8 32. Rxd8+ Qxd8 33. Qxd8+ Nxd8 34. Kf1 g6 35. Ke2 Kg7 36. Kd2 Kf6 37. Kc3 Nc6 38. Bf1 Ke5 39. Nc2 Kd6 40. Nd4 Ne5 41. Be2 Bd5 42. Kb4 Bf7 43. Kc3 a5 44. a3 Kc5 45. b4+ axb4+ 46. axb4+ Kd6 47. Nb5+ Kd5 48. Nd4 Kd6 49. Nb5+ Kd5 50. Nd4 1/2-1/2